000 00246 a2200121 4500
001 70890
082 _a823 HOD
090 _c38735
_d38735
100 _aHuddy D
245 _aTime Piper
260 _aLondon
_bWalker Books
_c1976
300 _a231.p
942 _acaenust
_k823 HOD
999 _c305963
_d305963